[Event "Nikaia op 29th"]
[Site "Nikaia"]
[Date "2022.09.04"]
[Round "4"]
[White "Boviatsis, Charalampos"]
[Black "Nemtsas, Hristoforos"]
[Result "1/2-1/2"]
[WhiteElo "1964"]
[BlackElo "1731"]
[PlyCount "51"]
[EventDate "2022.09.01"]
[EventType "swiss"]
[EventRounds "9"]
[EventCountry "GRE"]
[SourceTitle "CBM 210 Extra"]
[Source "ChessBase"]
[SourceDate "2022.11.30"]
[SourceVersion "1"]
[SourceVersionDate "2022.11.30"]
[SourceQuality "1"]

1. c4 d6 2. Nc3 e5 3. g3 f5 4. Bg2 Nf6 5. e3 Be7 6. d4 0-0 7. Nge2 a5 8. b3 Qe8 9. Ba3 Na6 10. Qd2 e4 11. h4 c6 12. Nf4 Nc7 13. c5 dxc5 14. Bxc5 Bxc5 15. dxc5 Ne6 16. Na4 Nxf4 17. gxf4 Be6 18. Nb6 Rd8 19. Qxa5 Qh5 20. Qc3 Rd3 21. Qc2 Rfd8 22. Bf1 Qf3 23. Rh3 Qg4 24. Qe2 Qg1 25. Rg3 Qh1 26. Rh3 1/2-1/2

[Event "Ambelokipi op 177th"]
[Site "Athens"]
[Date "2020.10.07"]
[Round "4"]
[White "Sideris, Theodoros"]
[Black "Nemtsas, Hristoforos"]
[Result "0-1"]
[WhiteElo "1908"]
[BlackElo "1763"]
[PlyCount "50"]
[EventDate "2020.09.16"]
[EventType "swiss"]
[EventRounds "7"]
[EventCountry "GRE"]
[SourceTitle "EXT 2024"]
[Source "ChessBase"]
[SourceDate "2023.10.10"]
[SourceVersion "1"]
[SourceVersionDate "2023.10.10"]
[SourceQuality "1"]

1. e4 c5 2. c3 g6 3. d4 cxd4 4. cxd4 d5 5. e5 Bg7 6. Nf3 Nh6 7. h3 0-0 8. Nc3 Nc6 9. g4 f6 10. exf6 exf6 11. Qb3 Be6 12. Qxb7 Qe8 13. Be3 Rb8 14. Qc7 Rf7 15. Qg3 Rxb2 16. Na4 Rc2 17. Rb1 Bf8 18. Bb5 a6 19. Bxc6 Qxc6 20. Nc5 Rxc5 21. dxc5 d4 22. Bxh6 Qe4+ 23. Kf1 Bxh6 24. Rb8+ Kg7 25. Re8 Bc4+ 0-1

[Event "Athens Siaperas Memorial 16th"]
[Site "Athens"]
[Date "2020.01.11"]
[Round "1"]
[White "Nemtsas, Hristoforos"]
[Black "Styfougias, Evangelos"]
[Result "1-0"]
[WhiteElo "1815"]
[BlackElo "1331"]
[PlyCount "61"]
[EventDate "2020.01.11"]
[EventType "swiss"]
[EventRounds "7"]
[EventCountry "GRE"]
[SourceTitle "EXT 2021"]
[Source "ChessBase"]
[SourceDate "2020.10.23"]
[SourceVersion "1"]
[SourceVersionDate "2020.10.23"]
[SourceQuality "1"]

1. d4 Nf6 2. c4 e6 3. Nc3 Bb4 4. Qc2 b6 5. e4 Bxc3+ 6. bxc3 d6 7. e5 dxe5 8. dxe5 Nfd7 9. Qe4 c6 10. Qg4 Kf8 11. Bf4 Nc5 12. Rd1 Nbd7 13. Nf3 Qc7 14. Be2 Ba6 15. 0-0 Na4 16. Rc1 Nb2 17. Bg3 Nc5 18. Rc2 Nba4 19. Nd4 Re8 20. f4 Ne4 21. f5 exf5 22. Nxf5 g6 23. Nh6 Nxg3 24. Rxf7+ Qxf7 25. Nxf7 Nxe2+ 26. Rxe2 Kxf7 27. Qd7+ Kg8 28. Qxe8+ Kg7 29. Qe7+ Kh6 30. Re4 g5 31. Qf6+ 1-0

[Event "Athens Spring Square op"]
[Site "Athens"]
[Date "2018.06.16"]
[Round "6"]
[White "Nemtsas, Hristoforos"]
[Black "Konstantinidis, Dimitrios Gk"]
[Result "1-0"]
[WhiteElo "1901"]
[BlackElo "1466"]
[PlyCount "49"]
[EventDate "2018.05.12"]
[EventType "swiss"]
[EventRounds "7"]
[EventCountry "GRE"]
[SourceTitle "EXT 2019"]
[Source "ChessBase"]
[SourceDate "2018.10.10"]
[SourceVersion "1"]
[SourceVersionDate "2018.10.10"]
[SourceQuality "1"]

1. d4 Nf6 2. c4 c5 3. d5 e6 4. Nc3 exd5 5. cxd5 d6 6. e4 g6 7. Nge2 Bg7 8. Ng3 a6 9. a4 Nbd7 10. Be2 0-0 11. 0-0 Re8 12. Bg5 h6 13. Be3 Kh7 14. Qd2 Ne5 15. h3 Ng8 16. f4 Nd7 17. e5 dxe5 18. f5 b6 19. fxg6+ fxg6 20. Bd3 Bb7 21. d6 Nb8 22. Bxg6+ Kxg6 23. Qc2+ e4 24. Ncxe4 Re5 25. Ng5+ 1-0

[Event "Athens Siaperas Memorial 15th"]
[Site "Athens"]
[Date "2018.02.09"]
[Round "5"]
[White "Nemtsas, Hristoforos"]
[Black "Papaioannou, Dimitrios1111"]
[Result "1-0"]
[WhiteElo "1913"]
[BlackElo "1595"]
[PlyCount "71"]
[EventDate "2019.01.12"]
[EventType "swiss"]
[EventRounds "7"]
[EventCountry "GRE"]
[SourceTitle "EXT 2020"]
[Source "ChessBase"]
[SourceDate "2019.10.17"]
[SourceVersion "1"]
[SourceVersionDate "2019.10.17"]
[SourceQuality "1"]

1. d4 Nf6 2. c4 e6 3. Nc3 Bb4 4. Qc2 d6 5. a3 Bxc3+ 6. Qxc3 0-0 7. Bg5 b6 8. e3 Bb7 9. Ne2 Nbd7 10. Qd3 Re8 11. Nc3 e5 12. d5 h6 13. Bh4 a6 14. Be2 Qe7 15. e4 Nc5 16. Qc2 a5 17. a4 Bc8 18. f3 Rb8 19. g4 Rb7 20. Bf2 Na6 21. h4 Nh7 22. Be3 Nf8 23. 0-0-0 Nd7 24. Rdg1 Ndc5 25. g5 h5 26. g6 f6 27. Bf1 Rf8 28. Qd1 f5 29. f4 Qf6 30. Qxh5 Re8 31. fxe5 Qxe5 32. Bg5 Nb3+ 33. Kb1 Nd2+ 34. Ka1 Nb3+ 35. Ka2 Nc1+ 36. Kb1 1-0

[Event "Athens Siaperas Memorial 14th"]
[Site "Athens"]
[Date "2018.01.20"]
[Round "2"]
[White "Spyratos, Nikolaos"]
[Black "Nemtsas, Hristoforos"]
[Result "0-1"]
[WhiteElo "1677"]
[BlackElo "1917"]
[PlyCount "44"]
[EventDate "2018.01.13"]
[EventType "swiss"]
[EventRounds "7"]
[EventCountry "GRE"]
[SourceTitle "EXT 2019"]
[Source "ChessBase"]
[SourceDate "2018.10.10"]
[SourceVersion "1"]
[SourceVersionDate "2018.10.10"]
[SourceQuality "1"]

1. e4 c5 2. Nc3 d6 3. g3 g6 4. Bg2 Bg7 5. d3 e6 6. Nge2 Nc6 7. Rb1 Nge7 8. Bg5 Bd7 9. 0-0 h6 10. Be3 Nd4 11. b4 b6 12. Qd2 Nec6 13. e5 dxe5 14. b5 Nb4 15. Bxd4 exd4 16. Ne4 Nd5 17. Nd6+ Ke7 18. Bxd5 exd5 19. Nxd4 Kxd6 20. Rfe1 Qg5 21. Qxg5 hxg5 22. Nf3 Bg4 0-1

[Event "Athens New Year Square op"]
[Site "Athens"]
[Date "2018.01.05"]
[Round "5"]
[White "Spyratos, Nikolaos"]
[Black "Nemtsas, Hristoforos"]
[Result "1-0"]
[WhiteElo "1677"]
[BlackElo "1917"]
[PlyCount "101"]
[EventDate "2018.01.01"]
[EventType "swiss"]
[EventRounds "9"]
[EventCountry "GRE"]
[SourceTitle "CBM 182 Extra"]
[Source "ChessBase"]
[SourceDate "2018.02.23"]
[SourceVersion "1"]
[SourceVersionDate "2018.02.23"]
[SourceQuality "1"]

1. e4 c5 2. Nc3 d6 3. g3 g6 4. Bg2 Bg7 5. d3 Nc6 6. Nge2 e6 7. 0-0 Nge7 8. Bg5 Rb8 9. Rb1 b5 10. Qd2 h6 11. Be3 b4 12. Nd1 Nd4 13. f4 0-0 14. Nf2 f5 15. Rfc1 Qa5 16. Bxd4 cxd4 17. a3 Qc5 18. axb4 Rxb4 19. c3 dxc3 20. bxc3 Rxb1 21. Rxb1 Ba6 22. d4 Qc4 23. Bf1 Rc8 24. exf5 gxf5 25. Rb4 Qc7 26. Bg2 Nc6 27. Rb1 Na5 28. Qe3 Re8 29. Re1 Nc4 30. Qf3 Nb6 31. Qe3 Bc4 32. Nd3 Nd5 33. Qd2 a5 34. Nec1 Qb6 35. Nb2 Bb3 36. Nxb3 Qxb3 37. Bxd5 Qxd5 38. Nd1 a4 39. Ne3 Qa5 40. Nc4 Qa6 41. Ne3 Qc6 42. Re2 Rb8 43. d5 exd5 44. Nxf5 Rb1+ 45. Re1 Qb6+ 46. Kh1 Kh7 47. Nxg7 Kxg7 48. f5 a3 49. f6+ Kxf6 50. Qxh6+ Kf7 51. Qh7+ 1-0

[Event "Athens ChessSquare Autumn op"]
[Site "Athens"]
[Date "2017.10.07"]
[Round "4"]
[White "Nemtsas, Hristoforos"]
[Black "Nikolopoulos, Athanasios"]
[Result "1-0"]
[WhiteElo "1904"]
[BlackElo "1702"]
[PlyCount "78"]
[EventDate "2017.09.16"]
[EventType "swiss"]
[EventRounds "7"]
[EventCountry "GRE"]
[SourceTitle "EXT 2024"]
[Source "ChessBase"]
[SourceDate "2023.10.10"]
[SourceVersion "1"]
[SourceVersionDate "2023.10.10"]
[SourceQuality "1"]

1. d4 d5 2. c4 e6 3. Nc3 c6 4. Nf3 Nf6 5. Bg5 Be7 6. e3 Nbd7 7. Qc2 0-0 8. 0-0-0 dxc4 9. Bxc4 b5 10. Bd3 Bb7 11. Ne5 h6 12. h4 b4 13. Nxd7 Qxd7 14. Bxf6 bxc3 15. Bxe7 cxb2+ 16. Kxb2 Qxe7 17. Qc5 Qf6 18. f4 Rfd8 19. g4 Rd5 20. Qc4 Qd8 21. g5 Rb5+ 22. Ka1 hxg5 23. hxg5 Qd5 24. Qc3 Ra5 25. Bc4 Qd8 26. g6 c5 27. gxf7+ Kxf7 28. dxc5 Qc7 29. Rh7 Kg8 30. Rh5 Re8 31. Rg1 Ba6 32. Rhg5 Re7 33. Bxe6+ Kf8 34. Qf6+ Rf7 35. Qxf7+ Qxf7 36. Bxf7 Kxf7 37. Rxg7+ Ke6 38. Rxa7 Kd5 39. Rg6 Bd3 1-0

[Event "Nikaia op 25th"]
[Site "Nikaia"]
[Date "2017.08.28"]
[Round "3"]
[White "Bousios, Hristos"]
[Black "Nemtsas, Hristoforos"]
[Result "1/2-1/2"]
[WhiteElo "2219"]
[BlackElo "1938"]
[PlyCount "119"]
[EventDate "2017.08.26"]
[EventType "swiss"]
[EventRounds "9"]
[EventCountry "GRE"]
[SourceTitle "CBM 180 Extra"]
[Source "ChessBase"]
[SourceDate "2017.10.06"]
[SourceVersion "1"]
[SourceVersionDate "2017.10.06"]
[SourceQuality "1"]

1. d4 Nf6 2. c4 g6 3. Nc3 Bg7 4. e4 d6 5. f4 0-0 6. Nf3 Na6 7. Bd3 Bg4 8. 0-0 Nd7 9. d5 Ndc5 10. Be3 f5 11. exf5 Nxd3 12. Qxd3 Bxf5 13. Qd2 c5 14. dxc6 bxc6 15. Nd4 Bd7 16. Rad1 e5 17. Nde2 exf4 18. Bxf4 Be6 19. b3 Qb6+ 20. Be3 Rxf1+ 21. Kxf1 Qa5 22. Qxd6 Bg4 23. h3 Rf8+ 24. Kg1 Bxe2 25. Qe6+ Kh8 26. Nxe2 Qxa2 27. Bd4 Bxd4+ 28. Rxd4 Qb1+ 29. Kh2 Qf5 30. Qd6 Qf6 31. Qg3 Re8 32. Rf4 Qd6 33. Nc3 Nc5 34. b4 Nd3 35. Rf3 Qxg3+ 36. Rxg3 Nxb4 37. Rg5 Kg7 38. Ra5 Re7 39. Ra4 Nd3 40. Ra6 Ne5 41. Na2 Rc7 42. Nb4 Kf7 43. Kg3 g5 44. h4 h6 45. hxg5 hxg5 46. c5 Ke6 47. Kf2 Kf5 48. Ke3 g4 49. g3 Re7 50. Kf2 Rb7 51. Nxc6 Nxc6 52. Rxc6 Rb2+ 53. Ke3 Ke5 54. Rg6 Rb3+ 55. Kf2 Kf5 56. Ra6 Rf3+ 57. Kg2 Rc3 58. Rxa7 Rxc5 59. Rf7+ Kg6 60. Rf2 1/2-1/2

[Event "Athens ChessSquare New Year"]
[Site "Athens"]
[Date "2017.01.06"]
[Round "6"]
[White "Nemtsas, Hristoforos"]
[Black "Ninis, Eleneo"]
[Result "1-0"]
[WhiteElo "1915"]
[BlackElo "1506"]
[PlyCount "39"]
[EventDate "2017.01.01"]
[EventType "swiss"]
[EventRounds "9"]
[EventCountry "GRE"]
[SourceTitle "EXT 2024"]
[Source "ChessBase"]
[SourceDate "2023.10.10"]
[SourceVersion "1"]
[SourceVersionDate "2023.10.10"]
[SourceQuality "1"]

1. d4 Nf6 2. c4 g6 3. Nc3 Bg7 4. e4 d6 5. Nf3 0-0 6. h3 Nbd7 7. Bg5 c6 8. Be2 Qa5 9. Qd2 Re8 10. h4 e5 11. d5 cxd5 12. cxd5 a6 13. Bh6 Bh8 14. h5 Nf8 15. Ng5 Bg4 16. hxg6 fxg6 17. Bxf8 Rxf8 18. Nxh7 Nxh7 19. Bxg4 Rf4 20. Be6+ 1-0

[Event "Athens ChessSquare Celebration op"]
[Site "Athens"]
[Date "2016.12.17"]
[Round "7"]
[White "Nemtsas, Hristoforos"]
[Black "Sideris, Theodoros"]
[Result "0-1"]
[WhiteElo "1913"]
[BlackElo "1916"]
[PlyCount "54"]
[EventDate "2016.11.05"]
[EventType "swiss"]
[EventRounds "7"]
[EventCountry "GRE"]
[SourceTitle "EXT 2024"]
[Source "ChessBase"]
[SourceDate "2023.10.10"]
[SourceVersion "1"]
[SourceVersionDate "2023.10.10"]
[SourceQuality "1"]

1. d4 Nf6 2. c4 g6 3. Nc3 Bg7 4. e4 d6 5. Nf3 0-0 6. h3 Nbd7 7. Bg5 h6 8. Be3 c5 9. e5 Ne8 10. exd6 Nxd6 11. d5 Nf5 12. Bf4 Nd4 13. Nxd4 cxd4 14. Nb5 Nc5 15. b4 e5 16. Bh2 a6 17. bxc5 axb5 18. Qd2 e4 19. Rb1 e3 20. fxe3 dxe3 21. Qc2 Qa5+ 22. Kd1 Re8 23. Rxb5 Qxa2 24. Bd3 e2+ 25. Kd2 Ra3 26. g4 Bc3+ 27. Kc1 e1Q+ 0-1

[Event "Nikaia op 24th"]
[Site "Nikaia"]
[Date "2016.08.27"]
[Round "3"]
[White "Gazis, Efstathios"]
[Black "Nemtsas, Hristoforos"]
[Result "1-0"]
[WhiteElo "2199"]
[BlackElo "1878"]
[PlyCount "153"]
[EventDate "2016.08.25"]
[EventType "swiss"]
[EventRounds "9"]
[EventCountry "GRE"]
[SourceTitle "CBM 174 Extra"]
[Source "ChessBase"]
[SourceDate "2016.10.10"]
[SourceVersion "1"]
[SourceVersionDate "2016.10.10"]
[SourceQuality "1"]

1. e4 c5 2. Nf3 d6 3. d4 Nf6 4. dxc5 Qa5+ 5. c3 Qxc5 6. Bd3 Bg4 7. Be3 Qc7 8. h3 Bh5 9. Qa4+ Nfd7 10. Nd4 Nc6 11. Nxc6 bxc6 12. f4 f6 13. Nd2 e5 14. 0-0 exf4 15. Bxf4 Ne5 16. Bc4 Bf7 17. Bd5 Qd7 18. Bxf7+ Kxf7 19. Bxe5 dxe5 20. Rad1 Bc5+ 21. Kh1 Qe6 22. Nf3 h6 23. Nxe5+ Qxe5 24. Rf5 Qe7 25. Qc4+ Kg6 26. Rxc5 Rhd8 27. Re1 Rd2 28. e5 Kh7 29. b4 Rad8 30. Qe4+ Kh8 31. Rxc6 fxe5 32. a4 Ra2 33. Qc4 Rf2 34. Rc8 Rxc8 35. Qxc8+ Kh7 36. Qg4 Qf6 37. Qe4+ Kg8 38. a5 Rf1+ 39. Rxf1 Qxf1+ 40. Kh2 Qb5 41. Kg3 a6 42. Kg4 Qd7+ 43. Kg3 Qb5 44. Kf2 Kf7 45. Ke3 Kf6 46. Kd2 Kf7 47. h4 g6 48. Kc2 Qa4+ 49. Kb2 Qb5 50. Kb3 Qd7 51. Kc2 Qa4+ 52. Kb2 Qb5 53. h5 gxh5 54. Kb3 Kf6 55. c4 Qd7 56. Qf3+ Kg5 57. Qd5 Qf5 58. Qd2+ Kg4 59. b5 axb5 60. cxb5 Qb1+ 61. Kc4 Qf1+ 62. Kc5 Qf8+ 63. Qd6 Qf2+ 64. Kd5 Qxg2+ 65. Kc5 Qf2+ 66. Kc6 Qf3+ 67. Kb6 h4 68. Qg6+ Kh3 69. a6 Qe3+ 70. Kb7 Qf3+ 71. Qc6 Qf7+ 72. Kb8 Qf8+ 73. Qc8+ Qxc8+ 74. Kxc8 Kg3 75. a7 h3 76. a8Q h2 77. b6 1-0

[Event "Athens Georgiou Memorial 2nd"]
[Site "Athens"]
[Date "2016.03.26"]
[Round "4"]
[White "Nemtsas, Hristoforos"]
[Black "Berbatis, Antonios"]
[Result "1/2-1/2"]
[WhiteElo "1910"]
[BlackElo "1530"]
[PlyCount "78"]
[EventDate "2016.02.27"]
[EventType "swiss"]
[EventRounds "7"]
[EventCountry "GRE"]
[SourceTitle "EXT 2024"]
[Source "ChessBase"]
[SourceDate "2023.10.10"]
[SourceVersion "1"]
[SourceVersionDate "2023.10.10"]
[SourceQuality "1"]

1. d4 d5 2. c4 e6 3. Nc3 Nf6 4. Bg5 Nbd7 5. e3 c6 6. Nf3 Qa5 7. Nd2 Bb4 8. Qc2 0-0 9. Bh4 c5 10. Bd3 cxd4 11. exd4 dxc4 12. Bxc4 e5 13. d5 b5 14. Nxb5 a6 15. Nc3 Bb7 16. 0-0 Bxc3 17. Nb3 Qc7 18. Qxc3 Nxd5 19. Qc2 Rac8 20. Rac1 N7b6 21. Bxd5 Qxc2 22. Rxc2 Bxd5 23. Rfc1 Rxc2 24. Rxc2 Bxb3 25. axb3 Rc8 26. Rxc8+ Nxc8 27. f3 f6 28. Kf2 Kf7 29. Ke3 Ke6 30. Kd3 Kd5 31. Kc3 Kc5 32. Bf2+ Kb5 33. b4 Ne7 34. Bc5 Nf5 35. g3 Nd4 36. f4 Nf3 37. Bf8 Nxh2 38. fxe5 fxe5 39. Bxg7 Ng4 1/2-1/2

[Event "Athens ChessSquare Autumn op"]
[Site "Athens"]
[Date "2015.10.24"]
[Round "6"]
[White "Delithanasis, Dimitrios"]
[Black "Nemtsas, Hristoforos"]
[Result "1-0"]
[WhiteElo "2105"]
[BlackElo "1905"]
[PlyCount "79"]
[EventDate "2015.09.19"]
[EventType "swiss"]
[EventRounds "7"]
[EventCountry "GRE"]
[SourceTitle "EXT 2024"]
[Source "ChessBase"]
[SourceDate "2023.10.10"]
[SourceVersion "1"]
[SourceVersionDate "2023.10.10"]
[SourceQuality "1"]

1. d4 Nf6 2. c4 Nc6 3. Nf3 e6 4. Nc3 Bb4 5. Qc2 d6 6. Bg5 h6 7. Bd2 0-0 8. a3 Bxc3 9. Bxc3 Qe7 10. e3 e5 11. Be2 Bg4 12. d5 Nb8 13. e4 Nbd7 14. h3 Bh5 15. b4 Bg6 16. Nd2 c6 17. dxc6 bxc6 18. 0-0 d5 19. Bd3 Rfd8 20. Rab1 Nb6 21. Rfe1 dxe4 22. Nxe4 Rxd3 23. Qxd3 Nxe4 24. Rxe4 Na4 25. Rc1 Qg5 26. Rce1 Bxe4 27. Rxe4 Rd8 28. Qc2 Nxc3 29. Qxc3 f6 30. Qe3 Rd1+ 31. Kh2 Qxe3 32. Rxe3 Rc1 33. c5 Kf7 34. Rd3 a5 35. Rd7+ Kf8 36. bxa5 Ke8 37. Rxg7 Rxc5 38. a6 Ra5 39. a7 Kf8 40. Rb7 1-0

[Event "Athens ChessSquare Autumn op"]
[Site "Athens"]
[Date "2015.09.19"]
[Round "1"]
[White "Nemtsas, Hristoforos"]
[Black "Iatrou, Konstantinos"]
[Result "1-0"]
[WhiteElo "1905"]
[BlackElo "1472"]
[PlyCount "39"]
[EventDate "2015.09.19"]
[EventType "swiss"]
[EventRounds "7"]
[EventCountry "GRE"]
[SourceTitle "EXT 2024"]
[Source "ChessBase"]
[SourceDate "2023.10.10"]
[SourceVersion "1"]
[SourceVersionDate "2023.10.10"]
[SourceQuality "1"]

1. d4 d5 2. c4 e6 3. Nc3 Nf6 4. Bg5 Be7 5. e3 0-0 6. Nf3 b6 7. Qc2 h6 8. h4 Bb7 9. Bxf6 Bxf6 10. cxd5 exd5 11. g4 Be7 12. g5 h5 13. Bd3 c5 14. 0-0-0 Nc6 15. a3 g6 16. Bxg6 fxg6 17. Qxg6+ Kh8 18. Qh6+ Kg8 19. g6 Rxf3 20. Qh7+ 1-0

[Event "Nikaia op 23rd"]
[Site "Nikaia"]
[Date "2015.08.29"]
[Round "3"]
[White "Gazis, Efstathios"]
[Black "Nemtsas, Hristoforos"]
[Result "1-0"]
[WhiteElo "2146"]
[BlackElo "1905"]
[PlyCount "145"]
[EventDate "2015.08.26"]
[EventType "swiss"]
[EventRounds "9"]
[EventCountry "GRE"]
[SourceTitle "EXT 2016"]
[Source "ChessBase"]
[SourceDate "2015.10.08"]
[SourceVersion "1"]
[SourceVersionDate "2015.10.08"]
[SourceQuality "1"]

1. e4 c5 2. Nf3 d6 3. d4 Nf6 4. Nc3 cxd4 5. Nxd4 a6 6. Bg5 e6 7. f4 Qc7 8. Qf3 b5 9. Bxf6 gxf6 10. a3 Nd7 11. Be2 h5 12. Qh3 Nb6 13. 0-0-0 h4 14. Kb1 Bd7 15. Rhf1 Rb8 16. f5 e5 17. Nf3 Bc6 18. Nd2 Qb7 19. Ka1 b4 20. axb4 Na4 21. Nxa4 Bxa4 22. Qa3 Qxb4 23. Qxb4 Rxb4 24. b3 Bb5 25. Bxb5+ Rxb5 26. Nc4 Rg8 27. Rf2 Kd7 28. Kb2 Be7 29. Ra1 Ra8 30. Rd2 Kc7 31. Rd3 Rbb8 32. Ne3 Ra7 33. Ra4 Rg8 34. Rc3+ Kd7 35. Rd3 Bd8 36. Rd2 Bb6 37. Nc4 Bc7 38. c3 Raa8 39. Kc2 Rg7 40. b4 Rag8 41. Ne3 Ra8 42. Nd5 Bd8 43. Kd3 Kc6 44. Rda2 Kb7 45. Ke3 Bb6+ 46. Kf3 Bg1 47. g4 hxg3 48. hxg3 Rag8 49. Rg2 Bb6 50. Nxf6 Rh8 51. Ra1 Bd8 52. Nd5 Rh3 53. Ne3 Bb6 54. Nc4 Bc7 55. Ne3 Bb6 56. Ng4 Bd8 57. Rh2 Rxh2 58. Nxh2 Kb6 59. c4 Bg5 60. Rd1 Kc6 61. Kf2 Rg8 62. Nf3 Bd8 63. Ra1 Kb6 64. Rh1 Rg4 65. Nd2 Bg5 66. Kf3 Bxd2 67. Kxg4 Bxb4 68. Kg5 a5 69. Kf6 a4 70. Kxf7 a3 71. g4 a2 72. g5 Bc3 73. g6 1-0

[Event "Athens Georgiou Memorial 1st"]
[Site "Athens"]
[Date "2015.03.28"]
[Round "4"]
[White "Nikolaou, Georgios"]
[Black "Nemtsas, Hristoforos"]
[Result "1-0"]
[WhiteElo "2298"]
[BlackElo "1897"]
[PlyCount "61"]
[EventDate "2015.03.07"]
[EventType "swiss"]
[EventRounds "7"]
[EventCountry "GRE"]
[SourceTitle "EXT 2024"]
[Source "ChessBase"]
[SourceDate "2023.10.10"]
[SourceVersion "1"]
[SourceVersionDate "2023.10.10"]
[SourceQuality "1"]

1. d4 g6 2. c4 Bg7 3. Nf3 d6 4. g3 Nd7 5. Bg2 e5 6. Nc3 Ne7 7. 0-0 0-0 8. e3 h6 9. b3 f5 10. dxe5 dxe5 11. e4 Nc6 12. Ba3 Re8 13. Qd5+ Kh8 14. Qf7 Nd4 15. Nh4 Re6 16. Nd5 c6 17. exf5 gxf5 18. Nxf5 Nxf5 19. Qxf5 Nf6 20. Ne3 Qa5 21. Bb2 Re7 22. Qg6 Be6 23. Rad1 Bg8 24. Qd3 Bh7 25. Qd6 Rd7 26. Qxe5 Nd5 27. Qe6 Nxe3 28. Rxd7 Bxb2 29. Rxh7+ Kxh7 30. Be4+ Kg7 31. Qg6+ 1-0

[Event "Athens Georgiou Memorial 1st"]
[Site "Athens"]
[Date "2015.03.21"]
[Round "3"]
[White "Nemtsas, Hristoforos"]
[Black "Ilandzis, Spyridon"]
[Result "1-0"]
[WhiteElo "1897"]
[BlackElo "2136"]
[PlyCount "59"]
[EventDate "2015.03.07"]
[EventType "swiss"]
[EventRounds "7"]
[EventCountry "GRE"]
[SourceTitle "EXT 2024"]
[Source "ChessBase"]
[SourceDate "2023.10.10"]
[SourceVersion "1"]
[SourceVersionDate "2023.10.10"]
[SourceQuality "1"]

1. d4 Nf6 2. c4 e5 3. d5 Bc5 4. Nc3 0-0 5. g3 d6 6. Bg2 Bg4 7. h3 Bd7 8. a3 a5 9. Bg5 Bd4 10. Ne4 Bxb2 11. Ra2 Bd4 12. e3 Bb6 13. Qf3 Nxe4 14. Bxd8 f5 15. Be7 Rf7 16. Bh4 a4 17. Qh5 Ba5+ 18. Kf1 Nd2+ 19. Rxd2 Bxd2 20. Nf3 g6 21. Qh6 Bc3 22. Ng5 Rg7 23. Ne6 Bxe6 24. dxe6 e4 25. g4 Nc6 26. gxf5 gxf5 27. Rg1 Ne5 28. Bf6 Rg6 29. Bxe4 Ng4 30. Rxg4 1-0

[Event "Ambelokipi op 150th"]
[Site "Athens"]
[Date "2014.12.05"]
[Round "5"]
[White "Patrinos, Ilias"]
[Black "Nemtsas, Hristoforos"]
[Result "0-1"]
[WhiteElo "1560"]
[BlackElo "1846"]
[PlyCount "48"]
[EventDate "2014.11.08"]
[EventType "swiss"]
[EventRounds "7"]
[EventCountry "GRE"]
[SourceTitle "EXT 2016"]
[Source "ChessBase"]
[SourceDate "2015.10.08"]
[SourceVersion "1"]
[SourceVersionDate "2015.10.08"]
[SourceQuality "1"]

1. d4 Nf6 2. Bg5 Ne4 3. Bf4 c5 4. f3 Qa5+ 5. c3 Nf6 6. d5 d6 7. e4 g6 8. Qd2 Bg7 9. Na3 0-0 10. Bh6 Bxh6 11. Qxh6 e6 12. g4 exd5 13. g5 Nh5 14. exd5 Re8+ 15. Kf2 c4 16. Bxc4 Qb6+ 17. Kf1 Qxb2 18. Rb1 Qxa3 19. Ne2 Bh3+ 20. Ke1 Qxc3+ 21. Kd1 Qxc4 22. Ng3 Qd3+ 23. Kc1 Rc8+ 24. Kb2 Qc3# 0-1